LEADER 01143nam a2200289 i 4500 001 991000922579707536 005 20020502181119.0 008 940912s1994 it ||| | ita 020 $a8877502649 035 $ab11437509-39ule_inst 035 $aPRUMB51537$9ExL 040 $aScuola per assistenti sociali$bita 082 0 $a362.6 100 1 $aSantanera, Francesco$0245691 245 10$aAnziani malati cronici :$bi diritti negati :$besperienze di difesa e di cambiamento /$cFrancesco Santanera, Maria Grazia Breda, Federica Dalmazio 260 $aTorino :$bUTET libreria,$c1994 300 $aX, 121 p. ;$c21 cm. 490 0 $aPersona e società Coll 650 4$aAnziani$xAssistenza 700 1 $aBreda, Maria Grazia$eauthor$4http://id.loc.gov/vocabulary/relators/aut$0245692 700 1 $aDalmazio, Federica 907 $a.b11437509$b01-03-17$c01-07-02 912 $a991000922579707536 945 $aLE024 SS/B IV 12$g1$iLE024N-2894$lle021$nex DUSS$o-$pE0.00$q-$rl$s- $t0$u0$v0$w0$x0$y.i11622234$z01-07-02 996 $aAnziani malati cronici$91451273 997 $aUNISALENTO 998 $ale021$b01-01-94$cm$da $e-$fita$git $h0$i1 LEADER 01631nam 2200457I 450 001 9910707840903321 005 20161222093607.0 035 $a(CKB)5470000002468151 035 $a(OCoLC)966672236 035 $a(EXLCZ)995470000002468151 100 $a20161222j201504 ua 0 101 0 $aeng 135 $aurcn||||||||| 181 $ctxt$2rdacontent 182 $cc$2rdamedia 183 $acr$2rdacarrier 200 10$aCoastal and inland aquatic data products for the hyperspectral infrared imager (HyspIRI) /$fAndrei Abelev [and twenty-four others] 210 1$aGreenbelt, Maryland :$cNational Aeronautics and Space Administration, Goddard Space Flight Center,$dApril 2015. 215 $a1 online resource (109 pages) $ccolor illustrations, maps 225 1 $aNASA T/M ;$v2015-217530 300 $a"April 2015." 320 $aIncludes bibliographical references (pages 79-109). 517 $aCoastal and inland aquatic data products for the hyperspectral infrared imager 606 $aCoastal water$2nasat 606 $aInfrared imagery$2nasat 606 $aInland waters$2nasat 606 $aRemote sensing$2nasat 606 $aShorelines$2nasat 615 7$aCoastal water. 615 7$aInfrared imagery. 615 7$aInland waters. 615 7$aRemote sensing. 615 7$aShorelines. 700 $aAbelev$b Andrei$01417655 712 02$aGoddard Space Flight Center, 801 0$bGPO 801 1$bGPO 906 $aBOOK 912 $a9910707840903321 996 $aCoastal and inland aquatic data products for the hyperspectral infrared imager (HyspIRI)$93526744 997 $aUNINA